Statistiques concernant La réponse est dans l'énoncé

Cliquez ici pour prendre le quiz!

Statistiques générales

  • Ce quiz a été pris 161 fois
  • Le résultat moyen est 5 sur 20

Statistiques - réponses

HintRéponse% Correct
Si d’aventure vous souffrez de cette maladie, sachez que Freddie Mercury était lui aussi séropositif.SIDA
97%
Venue par la route de la soie, cette maladie terrasse entre 30 et 50% des européens entre 1347 et 1352. Le coup est énorme pour la société médiévale.Peste
82%
Un individu atteint par cette maladie verra généralement les symptômes apparaître entre un et trois mois après la contamination, permettant l'administration du vaccin après la morsure.Rage
74%
Cette maladie causant des lésions cutanées importantes entraînait l'ostracisme des malades au temps de Jésus. Le prédicateur accomplit un miracle en en guérissant un.Lèpre
50%
Si tu souhaites alléger l'âpre trépas de tes ouailles, étudie au séminaire le plus proche pour être ordonné et pouvoir exercer ce métier.Prêtre
37%
Si lors d’un intermède cinématographique, vous tombez sur Stephen Strange, c’est ce métier qu’il pratiquait à l'origine.Médecin
29%
Comme la tuberculose, le bacile causant cette maladie est (re)découvert par Robert Koch. Ô, le rapide déclin que celui-ci cause ! Vomissements et déshydratation peuvent mener à la mort en moins de trois jours si elle n'est pas traitée.Choléra
26%
Ceux des États-Unis, à tous coup, résident au 1600 Pennsylvania Avenue, mais il faut y être né pour pouvoir entretenir l’espoir d’obtenir le poste.Président
24%
Tu veux transformer en paradis ton petit coin de pays? Agis tel que le font ces professionnels, peut-être en respectant le feng shui pour un jardin chinois.Paysagiste
22%
Sursaut, eureka, fascination, ce corps de métier peut vous faire passer par toute la gamme des émotions grâce à sa prose.Auteur
9%
Si tu es un romain, cherche à tout prix à ne pas te rixer avec ce gaulois friand de potion magique.Astérix
8%
Défait par Isildur, il est peu décrit dans la saga de Tolkien. Sa présence se fait toutefois bien sentir, tu le remarqueras au rond de flammes qui lui fait office d'oeil.Sauron
8%
Pour retrouver son âme soeur et en faire son mari, elle n'hésite pas à troquer sa voix pour des jambes humaines.Ariel
6%
Lion ayant fondé Narnia, son sacrifice aux mains de Jadis ne dépasse pas la nuit, puisqu'il ressucite au matin.Aslan
6%
On pratique ce sport sur fond de vagues pouvant atteindre plusieurs mètres de hauteur.Surf
6%
Lorsque tu approches de la fin du parcours, engage un petit sprint pour améliorer ton temps au chronomètre.Course
5%
Avec son mari Babar, elle administre avec bieveillance les terres des éléphants.Céleste
4%
On introduit ce sport au programme olympique au pays d'Osaka. Raté! Il sera retiré l'édition suivante.Karaté
4%
Cette discipline, qui peut être pratiquée à l'extérieur ou en gymnase, être de bloc ou de voie, est des plus spectaculaires. Ça la désigne comme une parfaite candidate au programme olympique, ce qui sera le cas à Tokyo.Escalade
2%
Vous connaissez les termes "lofer", "hale-bas", "empannage" et "bôme"? Bravo, il est probable que vous pratiquiez ce sport.Voile
2%

Distribution des résultats

Percentile par nombre de réponses

% des personnes avec chaque résultat

Votre développement - résultats

Vous n’avez pas pris ce quiz